000 009750000a22003250004500
001 20727
003 CO-MdFUSB
005 20180622170204.0
008 160913b xxu||||| |||| 00| 0 eng d
020 _a978-0-687-64342-4
040 _cCO-MdFUSB
_dCO-MdFUSB
041 _aeng
082 _224
_aG 268.4
_bM571o
100 1 _aMerrill, Timothy
_eautor
245 1 0 _aOur community now and in God's future
_c/ Timothy Merrill
264 _aNashville, Tennessee :
_bAbingdon Press,
_c2006
300 _a85 páginas
336 _2rdacontent
_a1
_ba1
337 _2rdamedia
_a2
_b5
338 _2rdacarrier
_a2
_b5
490 _aGreat themes of the bible
501 _aRústico
505 0 0 _aNuestra comunidad ahora y en el futuro de Dios - Un estudio bíblico para grupos pequeños: 7 sesiones
653 _aEnseñanzas bíblicas
653 _aGrupos de estudio
653 _aTrabajo pastoral
830 _aCommunity
942 _cBK
999 _c47078
_d47078